000 00511nam a2200217Ia 4500
003 0100
008 130303s9999 xx 000 0 und d
020 _a0829419861
040 _cARRUPELIB
050 _aBX2350.M663 2004
100 _aModras, Ronald
245 _aIgnatian humanism
245 _ba dynamic spirituality for the 21st century
260 _aChicago
260 _bLoyola Press
260 _C2004
300 _a346p.
300 _b 23cm.
650 _bWhitman, Walt
942 _2lcc
_05
999 _c65234
_d65234